LEADER 01249nam a2200289 u 4500 001 000000008283 003 CaOOAMICUS 005 20070226105058.0 008 940615s1962 gw u000 u ger u 035 $a10213365 040 $aPUL(R)$bita 100 1 $aBreuning, Wilhelm.$0(OLS)http://pul/name/8285 245 14$aDie hypostatische Union in der Theologie Wilhelms von Auxerre, Hugos von St. Cher und Rolands von Cremona /. 260 $aTrier :$bPaulinus-Verlag,$c1962. 300 $axxviii, 476 p. ;$c24 cm 490 1 $aTrierer theologische Studien ;$v11. 500 $aContiene indice. 504 $aBibliografia in nota. 650 4$aTrinità.$0(OLS)http://pul/subject/2463 830 0$aTrierer theologische Studien ;$v11.$0(OLS)http://pul/title/12134 850 $aPUL 852 $aPUL$W1$xDP2 Religione 1$y63$m72 A 17$j11713$nBK-PRI$qStampati$B11713$CPULBib$Z2$F11713 $H25083 $82 941 1 $a8 960 $aTeologia trinitaria$92463 960 $aTeologia trinitaria$92463 996 $6245$aDie hypostatische Union in der Theologie Wilhelms von Auxerre, Hugos von St. Cher und Rolands von Cremona$9(OLS)http://pul/title/12133 996 $6260$aTrier :$bPaulinus-Verlag$9(OLS)http://pul/publisher/52050 LEADER 01089nam a2200241 u 4500 001 000000083368 003 CaOOAMICUS 005 20070226123949.0 008 050504s1911 fr u000 u fre u 035 $a11044807 040 $aPUL(R)$bita 041 1 $afre$aheb 100 1 $aTouzard, Jules, $d1867-1938.$0(OLS)http://pul/name/21619 245 10$aGrammaire hébraïque abbrégée :$bprécédée de premiers éléments, accompagnés d'exercices à l'usage des commençants /$cJ. Touzard. 250 $a4. ed. 260 $aParis :$bV. Lecoffre,$c1911. 300 $axxiv, 410, 40 p. ;$c24 cm 650 4$aLingua ebraica$xGrammatica.$0(OLS)http://pul/subject/25211 850 $aPUL 852 $aPUL$W1$xDP1 Fondo Cecchetti$y53$m264 H 4$j106069$nBK-PRI$b $qFondi$B106069$CPULBib$Z2$F106069 $HPUL965 $81 941 1 $a1 996 $6245$aGrammaire hébraïque abbrégée :$bprécédée de premiers éléments, accompagnés d'exercices à l'usage des commençants$9(OLS)http://pul/title/35992 996 $6260$aParis :$bV. Lecoffre$9(OLS)http://pul/publisher/49431